Vplyv vymedzenia subjektov verejného záujmu v SR a v EÚ na zostavovanie a overovanie účtovnej závierky

Dopad vymedzenia subjektov verejného záujmu v Slovenskej republike a Európskej únii na zostavovanie a overovanie účtovnej závierky. Osobitné požiadavky kladené na účtovné závierky subjektov verejného záujmu ustanovených účtovnou legislatívou. Vymedzenie subjektov verejného záujmu v SR a v členských...

Ausführliche Beschreibung

Gespeichert in:
Bibliographische Detailangaben
1. Verfasser: Gedeon, Milan, 1993-
Format: Buchkapitel
Sprache:Slowakisch
Schlagworte:
Tags: Tag hinzufügen
Keine Tags, Fügen Sie das erste Tag hinzu!

MARC

LEADER 00000naa$a2200000$$$4500
001 0270851
005 20240502074241.5
041 0 |a slo 
044 |a SK 
245 1 0 |a Vplyv vymedzenia subjektov verejného záujmu v SR a v EÚ na zostavovanie a overovanie účtovnej závierky  |c Milan Gedeon 
520 |a Dopad vymedzenia subjektov verejného záujmu v Slovenskej republike a Európskej únii na zostavovanie a overovanie účtovnej závierky. Osobitné požiadavky kladené na účtovné závierky subjektov verejného záujmu ustanovených účtovnou legislatívou. Vymedzenie subjektov verejného záujmu v SR a v členských krajinách EÚ z pohľadu audítorskej legislatívy. Dopad rozdielneho vymedzenia subjektov verejného záujmu. 
610 2 0 |a účtovníctvo 
610 2 0 |a audítorstvo 
610 2 0 |a závierka účtovná 
610 2 0 |a záujmy verejné 
610 2 0 |a legislatíva 
610 2 0 |a zákony 
610 2 0 |a analýza komparatívna 
610 2 0 |a Slovensko 
610 2 0 |a Európska únia 
100 1 |a Gedeon, Milan, 1993-